Statistics for Name Episodes of The X-Files

Click here to take the quiz!

General Stats

  • This quiz has been taken 949 times
  • The average score is 84 of 201

Answer Stats

HintAnswer% Correct
Pilot
86%
Tooms
79%
Squeeze
79%
Ice
70%
Deep Throat
69%
Home
66%
Space
64%
Anasazi
63%
3
63%
The Truth
63%
Eve
63%
The Erlenmeyer Flask
62%
Fire
62%
The End
61%
Duane Barry
61%
E.B.E.
60%
Little Green Men
59%
Clyde Bruckman's Final Repose
58%
The Jersey Devil
57%
Triangle
56%
Conduit
55%
Ghost in the Machine
55%
Ascension
55%
Jose Chung's From Outer Space
54%
Darkness Falls
54%
Never Again
54%
Redux
54%
The Beginning
53%
The Host
53%
Beyond the Sea
53%
Paper Clip
53%
One Breath
52%
Blood
52%
Pusher
51%
Fallen Angel
51%
Shapes
51%
Memento Mori
51%
All Things
50%
The Blessing Way
50%
Piper Maru
50%
Redux II
50%
Roland
50%
Leonard Betts
49%
Shadows
49%
William
49%
Bad Blood
48%
Arcadia
48%
Humbug
48%
Emily
48%
Our Town
48%
Firewalker
48%
Dreamland
48%
The Field Where I Died
48%
Lazarus
47%
War of the Coprophages
47%
Syzygy
46%
Gender Bender
46%
Tunguska
46%
731
46%
The Sixth Extinction
46%
Hollywood A.D.
46%
D.P.O.
46%
Musings of a Cigarette Smoking Man
46%
The Post-Modern Prometheus
45%
Je Souhaite
45%
Small Potatoes
45%
Max
45%
Drive
45%
Herrenvolk
45%
X-Cops
45%
Irresistible
44%
Tempus Fugit
44%
Nothing Important Happened Today
44%
Nisei
44%
Red Museum
44%
Dreamland II
43%
Chinga
43%
Terma
43%
Christmas Carol
43%
Quagmire
43%
Born Again
43%
Wetwired
43%
Aubrey
43%
Sleepless
43%
Colony
43%
2Shy
43%
How the Ghosts Stole Christmas
42%
The List
42%
Requiem
42%
Young At Heart
42%
Teliko
42%
Soft Light
42%
Talitha Cumi
41%
End Game
41%
The Unnatural
41%
Kitsunegari
41%
Two Fathers
41%
Oubliette
41%
One Son
41%
Unruhe
41%
Dod Kalm
40%
Agua Mala
40%
Within
40%
Without
40%
Jump the Shark
39%
Die Hand Die Verletzt
39%
Field Trip
39%
Fresh Bones
39%
Milagro
39%
Closure
39%
The Calusari
39%
First Person Shooter
39%
Paper Hearts
39%
Fearful Symmetry
39%
F. Emasculata
39%
The Walk
39%
Kaddish
39%
Gethsemane
39%
Hell Money
39%
Grotesque
39%
Apocrypha
39%
Teso Dos Bichos
38%
El Mundo Gira
38%
Fight Club
37%
Hungry
37%
Three of a Kind
36%
En Ami
36%
Nothing Important Happened Today II
36%
Millennium
36%
This Is Not Happening
36%
Detour
36%
Miracle Man
36%
Patient X
35%
Trevor
35%
Excelsis Dei
35%
Trust No 1
35%
4-D
35%
Brand X
35%
Avatar
35%
Kill Switch
35%
Unusual Suspects
35%
Alpha
35%
Roadrunners
35%
Sein und Zeit
34%
Theef
34%
The Red and the Black
34%
All Souls
34%
Elegy
34%
The Amazing Maleeni
34%
Biogenesis
34%
Sanguinarium
33%
Revelations
33%
Audrey Pauley
33%
Schizogeny
33%
Redrum
33%
S.R. 189
33%
The Rain King
33%
Chimera
32%
Surekill
32%
Sunshine Days
32%
Folie a Deux
32%
The Sixth Extinction II: Amor Fati
32%
Existence
32%
Essence
32%
Badlaa
32%
Monday
32%
The Goldberg Variation
32%
Orison
32%
Lord of the Flies
31%
Terms of Endearment
31%
The Pine Bluff Variant
31%
Unrequited
31%
John Doe
31%
Improbable
31%
Rush
31%
Demons
31%
Release
31%
Salvage
31%
Daemonicus
31%
Providence
30%
Tithonus
30%
Patience
30%
Mind's Eye
30%
Signs and Wonders
29%
Provenance
29%
Vienen
29%
Zero Sum
29%
Travelers
29%
Alone
28%
The Gift
28%
Synchrony
28%
Via Negativa
27%
Three Words
27%
Per Manum
27%
Deadalive
26%
Hellbound
25%
Empedocles
25%
Scary Monsters
25%
Medusa
25%
Invocation
25%
Underneath
23%

Score Distribution

Percentile by Number Answered

Percent of People with Each Score

Your Score History

You have not taken this quiz